00997 2200361 4500001002100000005001500021035002000036007000300056008004100059040001700100100001900117245006900136250000900205300005700214504002500271020002200296041000800318082001100326084001700337090001800354260003200372650001200404700001700416850001000433990002400443990002400467990002400491990002400515990002400539990002400563990002400587990002400611INLIS00000000000269820260601075621 a0010-0620000071ta260601 g 0 ind  aSBPUPADbind0 aRahmat Rukmana1 aSukses Budi Daya :bBawang Merah /cRahmat Rukmana, Editor: Maya aEd.1 a151 hlm. :bilus. ;c24 cmeBibliografi, hlm 149-151 aBibliografi, hlm 149 a978-979-29-6751-707aind a635.25 a635.25 RAH s a322 SUP k 3-2 a--Yogyakarta :bAndi,c2018 4aTerapan0 aEditor: Maya aPUPAD a34.003/DAK/DPK/2019 a34.004/DAK/DPK/2019 a34.005/DAK/DPK/2019 a34.006/DAK/DPK/2019 a33.004/DAK/DPK/2019 a34.005/DAK/DPK/2019 a33.006/DAK/DPK/2019 a34.003/DAK/DPK/2019